Adams and Victor's principles of neurology (Registro nro. 180544)
[ vista simple ]
| 000 -ENCABEZADO | |
|---|---|
| Número de control [NR] | 00958 a2200265 4500 |
| 005 - FECHA Y HORA DE LA ÚLTIMA TRANSACCIÓN | |
| control field | 20180313061554.0 |
| 008 - DE LONGITUD FIJA DE DATOS DE ELEMENTOS - INFORMACIÓN GENERAL | |
| Elementos de longitud fija [NR] | 130913s2009 xxuado fr|||| 001 0 eng d |
| 020 ## - NUMERO INTERNACIONAL NORMALIZADO PARA LIBROS [R] | |
| Número Internacional Normalizado del libro [NR] | 9780071499927 |
| 040 ## - FUENTE DE CATALOGACION [NR] | |
| Agencia de catalogación original [NR] | CO-BoUCM |
| Idioma de catalogación [NR] | spa |
| Quien Cataloga | Jose A. Gerena (modificó) |
| Quien Clasifica | Aldemar Mondragón |
| 041 00 - CODIGO DE IDIOMA [R] | |
| Código de idioma para texto/pista de sonido o título separado [R] | Inglés |
| 060 ## - SIGNATURA TOPOGRAFICA DE LA BIBLIOTECA NACIONAL DE MEDICINA (NLM) [R] | |
| Número clasificador [R] | WL 100 |
| 100 1# - ASIENTO PRINCIPAL--NOMBRE PERSONAL [NR] | |
| Nombre personal [NR] | Ropper, Allan H. |
| ID Autoridad | 45108 |
| 245 10 - MENCION DE TITULO [NR] | |
| Título [NR] | Adams and Victor's principles of neurology |
| Mención de responsabilidad, etc. [NR] | Allan H. Ropper, Martin A. Samuels |
| 246 20 - FORMA VARIANTE DEL TITULO [R] | |
| Título propiamente dicho/forma breve del título [NR] | Principles of neurology |
| 250 ## - MENCION DE EDICION [NR] | |
| Mención de edición [NR] | 9th ed |
| 260 ## - PUBLICACION, DISTRIBUCION, ETC. (PIE DE IMPRENTA) [R] | |
| Fecha de publicación, distribución, etc. [R] | 2009 |
| Nombre del editor, distribuidor, etc. [R] | McGraw-Hill |
| Lugar de publicación, distribución, etc. [R] | Nueva York (Estados Unidos) |
| 300 ## - DESCRIPCION FISICA [R] | |
| Extensión [R] | x, 1572 páginas |
| Otros detalles físicos [NR] | ilustraciones, cuadros, fotografías |
| 504 ## - NOTA DE BIBLIOGRAFIA, ETC. [R] | |
| Nota de bibliografía, etc. [NR] | Incluye referencias bibliográficas e índices |
| 650 #2 - ASIENTO SECUNDARIO DE MATERIA - TERMINO TEMATICO [R] | |
| Término temático o nombre geográfico como elemento de entrada [NR] | Enfermedades del sistema nervioso |
| 9 (RLIN) | 14383 |
| 650 #2 - ASIENTO SECUNDARIO DE MATERIA - TERMINO TEMATICO [R] | |
| Término temático o nombre geográfico como elemento de entrada [NR] | Neuroanatomía |
| 9 (RLIN) | 20281 |
| 650 #2 - ASIENTO SECUNDARIO DE MATERIA - TERMINO TEMATICO [R] | |
| Término temático o nombre geográfico como elemento de entrada [NR] | Neuropsiquiatría |
| 9 (RLIN) | 20326 |
| 690 ## - ASUNTO AGREGADO LOCAL DE ENTRADA - TÉRMINO TEMÁTICO (OCLC, RLIN) | |
| 9 (RLIN) | 42886 |
| Acceso temático local | Neurología |
| 700 1# - ASIENTO SECUNDARIO - NOMBRE PERSONAL [R] | |
| Nombre personal [NR] | Samuels, Martin A. |
| 9 (RLIN) | 45109 |
| 942 ## - ELEMENTOS DE ENTRADA AGREGADOS (KOHA) | |
| Tema principal | Medicina |
| Tipo de ítem principal el descrito en 300a | Libro |
| Edición | 9 |
| Parte restante de la signatura top. | R785a |
| Sistema de clasificación | NLM |
| Clasificación | WL 140 |
| Título oculto en OPAC | No |
| Fecha de último préstamo | Total préstamos | Total Renewals | Signatura topográfica | Código de barras | Última vez visto | Volúmen / Fascículo | Ejemplar | Costo de reposición | Price effective from | Tipo de ítem | Perdido | Sistema de clasificación | Dañado | No prestable | Tipo de ítem específico | Suprimido | Ubicación habitual | Ubicación actual | Localización | Fecha de creación | Proveedor | Forma de adquisición | Costo |
|---|---|---|---|---|---|---|---|---|---|---|---|---|---|---|---|---|---|---|---|---|---|---|---|
| 16/08/2018 | 6 | 2 | WL 140 R785a | 200026360 | 01/12/2025 | 9a.Ed. | Ej.2 | 179000.00 | 31/03/2014 | Libro | NLM | Libro | Hospital Universitario Mayor | Hospital Universitario Mayor | 9no piso | 31/03/2014 | 23 | Compra | 179000.00 | ||||
| 12/02/2024 | 27 | 30 | WL 140 R785a | 200025125 | 11/12/2025 | 9a.Ed. | Ej.1 | 223568.00 | 04/09/2013 | Libro | NLM | Libro | Quinta de Mutis | Quinta de Mutis | 2do piso | 04/09/2013 | 15 | Compra | 227600.00 |